ACC Men's Basketball Players of the Year - Statistics

General Stats
  • This quiz has been taken 65 times
    3 since last reset
  • The average score is 24 of 75
Answer Stats
Year Player College Current Team % Correct
2026 Cameron Boozer Duke Duke Blue Devils
67%
2025 Cooper Flagg Duke Dallas Mavericks
67%
1995 Joe Smith Maryland Retired
67%
2017 Justin Jackson North Carolina Free Agent
67%
2016 Malcolm Brogdon Virginia Retired
67%
1984 Michael Jordan North Carolina Charlotte Hornets - (Minority Owner)
67%
2011 Nolan Smith Duke Tennessee State Tigers - (Head Coach)
67%
1983 Ralph Sampson Virginia Retired
67%
1982 Ralph Sampson Virginia Retired
67%
1981 Ralph Sampson Virginia Retired
67%
1997 Tim Duncan Wake Forest Retired
67%
1996 Tim Duncan Wake Forest Retired
67%
2022 Alondes Williams Wake Forest Capital City Go-Go
33%
1998 Antawn Jamison North Carolina Washington Wizards - (Director of Pro Personnel)
33%
1963 Art Heyman Duke Deceased
33%
1965 Billy Cunningham North Carolina Retired
33%
1971 Charlie Davis Wake Forest Retired
33%
2000 Chris Carrawell Duke Duke Blue Devils - (Associate Head Coach)
33%
1992 Christian Laettner Duke Retired
33%
1989 Danny Ferry Duke Retired
33%
1988 Danny Ferry Duke Retired
33%
1975 David Thompson NC State Retired
33%
1974 David Thompson NC State Retired
33%
1973 David Thompson NC State Retired
33%
1990 Dennis Scott Georgia Tech Retired
33%
1999 Elton Brand Duke Philadelphia 76ers - (General Manager)
33%
1994 Grant Hill Duke Atlanta Hawks - (Vice Chair of the Board)
33%
2010 Greivis Vásquez Maryland Retired
33%
1987 Horace Grant Clemson Chicago Bulls - (Special Advisor)
33%
2023 Isaiah Wong Miami CB Gran Canaria - Spain
33%
2015 Jahlil Okafor Duke Levanga Hokkaido - Japan
33%
2007 Jared Dudley Boston College Denver Nuggets - (Assistant Coach)
33%
2006 JJ Redick Duke Los Angeles Lakers - (Head Coach)
33%
2005 JJ Redick Duke Los Angeles Lakers - (Head Coach)
33%
2001 Joseph Forte North Carolina Retired
33%
2003 Josh Howard Wake Forest UNTD Trailblazers - (Head Coach)
33%
2002 Juan Dixon Maryland Retired
33%
2004 Julius Hodge NC State Lincoln Lions - (Head Coach)
33%
1986 Len Bias Maryland Deceased
33%
1985 Len Bias Maryland Deceased
33%
1962 Len Chappell Wake Forest Deceased
33%
1961 Len Chappell Wake Forest Deceased
33%
1957 Lennie Rosenbluth North Carolina Deceased
33%
2018 Marvin Bagley III Duke Dallas Mavericks
33%
1979 Mike Gminski Duke Retired
33%
1976 Mitch Kupchak North Carolina Charlotte Hornets - (Advisor)
33%
2021 Moses Wright Georgia Tech BC Żalgiris - Lithuania
33%
1978 Phil Ford North Carolina Retired
33%
2024 R. J. Davis North Carolina South Bay Lakers
33%
1977 Rod Griffin Wake Forest Retired
33%
1993 Rodney Rogers Wake Forest Retired
33%
2001 Shane Battier Duke Miami Heat - (Consultant)
33%
2013 Shane Larkin Miami Anadolu Efes - Turkey
33%
2014 T. J. Warren NC State Westchester Knicks
33%
2020 Tre Jones Duke Chicago Bulls
33%
2009 Ty Lawson North Carolina Retired
33%
2008 Tyler Hansbrough North Carolina Retired
33%
2012 Tyler Zeller North Carolina Retired
33%
2019 Zion Williamson Duke New Orleans Pelicans
33%
1980 Albert King Maryland Retired
0%
1972 Barry Parkhill Virginia Retired
0%
1955 Dickie Hemric Wake Forest Deceased
0%
1954 Dickie Hemric Wake Forest Deceased
0%
2013 Erick Green Virginia Tech Pallacanestro Cantù - Italy
0%
1964 Jeff Mullins Duke Retired
0%
1970 John Roche South Carolina Retired
0%
1969 John Roche South Carolina Retired
0%
1968 Larry Miller North Carolina Deceased
0%
1967 Larry Miller North Carolina Deceased
0%
1960 Lee Shaffer North Carolina Retired
0%
1959 Lou Pucillo NC State Retired
0%
1958 Pete Brennan North Carolina Deceased
0%
1991 Rodney Monroe NC State Retired
0%
1956 Ronnie Shavlik NC State Deceased
0%
1966 Steve Vacendak Duke Retired
0%
No matching quizzes found
Score Distribution
Percent of People with Each Score
Percentile by Number Answered
Your Score History
You have not taken this quiz since the last reset